Responses for Show #7680 - Friday, January 19, 2018

Rachel Lindgren game 1.

Contestants

[<< previous game]

Sarah Daly, an attorney from Lakewood, Colorado

Rachel Lindgren, a fire lookout from Bend, Oregon

Lee Quinn, a teacher from Raleigh, North Carolina (whose 2-day cash winnings total $42,800)

[next game >>]

Jeopardy! Round responses

A PERCUSSION DISCUSSION
FINANCIAL GOBBLEDYGOOK
THE BOSTON TANGLER
STATES BY LAKES
IT'S ALL FUN & GAMES
SOMEONE LOSES AN I
    $200 1
a tambourine

Rachel
    $200 20
London

Triple Stumper
    $200 22
the Bruins

Rachel
    $200 8
Florida

Rachel
    $200 2
middle square

Lee
    $200 15
(Alex: Yes, Sofia.)

a sofa

Rachel
    $400 3
tom-toms

Triple Stumper
    $400 23
funds

Rachel
    $400 27
Manny Ramirez

Triple Stumper
    $400 12
Missouri

Lee
    $400 7
red rover

Lee
    $400 16
(Alex: Nadia.)

nada

Sarah
    $600 4
snare drums

Lee
    $600 24
earnings

Rachel
    $600 28
Larry Bird

Lee
    $1,100 13
Michigan

Lee
    $600 9
Nerf

Rachel
    $600 17
(Alex: Ira.)

Ra

Sarah
    $800 5
a bass drum

Rachel
    $800 25
growth

Rachel
    $800 29
John L. Sullivan

Lee
    $800 14
New York

Sarah
    $800 10
20 Questions

Rachel
    $800 18
(Alex: For Craig Nelson.)

a crag

Lee
    $1000 6
a bongo

Rachel
    $1000 26
volatility

Lee
    $1000 30
the Boston Pops

Lee
    $1000 21
Indiana

Triple Stumper
    $1000 11
Mother, May I?

Rachel
    $1000 19
(Alex: For Francis.)

francs

Sarah

Scores at the first commercial break (after clue 15):

Lee Rachel Sarah
$2,700 $4,800 $800

Scores at the end of the Jeopardy! Round:

Lee Rachel Sarah
$6,900 $6,800 $2,800

Double Jeopardy! Round responses

SERIAL KILLERS
EASTERN ASIAN HISTORY
TWO-WAY ADJECTIVES
19th CENTURY OCCUPATIONS
CHANGING CHANGE
SAY UNCLE!
(Alex: You have to tell us who is called "uncle" by each character we give you as part of the clue.)
    $400 7
Uncle Tom

Lee
    $400 18
the Korean War

Rachel
    $400 1
platonic

Sarah
    $400 4
a cobbler

Sarah
    $400 17
Mexico

Lee
    $400 13
Uncle Ben

Rachel
    $800 8
The Old Curiosity Shop

Triple Stumper
    $800 20
Hong Kong

Lee
    $800 2
Georgian

Rachel
    $800 9
a jail

Rachel
    $800 19
Cherokee

Lee
    $800 24
Scar

Rachel
    $1200 14
Mr. Jingles

Triple Stumper
    $1200 21
shogun

Lee
    $1200 3
Amazonian

Lee
    $1200 10
a stationer

Triple Stumper
    $1200 28
the Battle of Hastings

Sarah
    $1200 25
Uncle Owen

Rachel
    $2,000 15
(Alex: Heart of Darkness, yes.)

(Joseph) Conrad

Rachel
    $1600 22
the Boxer Rebellion

Lee
    $1600 5
Jamesian

Sarah
    $2,000 11
(Alex: Come on, Rachel.)
(Rachel: Oh...)

a teamster

Rachel
    $1600 29
the Anzacs

Triple Stumper
    $1600 26
Uncle Fester

Rachel
    $2000 16
Thomas Hardy

Triple Stumper
    $2000 23
Pol Pot

Rachel
    $2000 6
(Alex: State capital is Albany, so we're going for [*].)

Albanian

Triple Stumper
    $2000 12
a candle (or soap)

Sarah
    $2000 30
(Sarah: What is Italy?)

India

Sarah
Triple Stumper
    $2000 27
(Sarah: Uncle... the guy?)

Uncle Henry

Sarah
Triple Stumper

Scores at the end of the Double Jeopardy! Round:

Lee Rachel Sarah
$13,300 $14,800 $4,400

[wagering suggestions for these scores]

Final Jeopardy! Round responses

WORLD CAPITALS
(Alex: [To Sarah] The capital of Canada.)
SarahWhat is Ottawa
$4,000
LeeWhat is Ottawa?
$10,300
RachelWhat is Ottawa?
$10,000
Ottawa

Final scores:

Lee Rachel Sarah
$23,600 $24,800 $8,400
2nd place: $2,000 New champion: $24,800 3rd place: $1,000

Game dynamics:

Coryat scores:

Lee Rachel Sarah
$12,800 $16,400 $4,400
17 R
(including 1 DD),
0 W
21 R
(including 1 DD),
1 W
(including 1 DD)
9 R,
2 W

Combined Coryat: $33,600

[game clues] [game scores] [suggest correction]

Game tape date: 2017-10-31
The J! Archive is created by fans, for fans. Scraping, republication, monetization, and malicious use prohibited; this site may use cookies and collect identifying information. See terms. The Jeopardy! game show and all elements thereof, including but not limited to copyright and trademark thereto, are the property of Jeopardy Productions, Inc. and are protected under law. This website is not affiliated with, sponsored by, or operated by Jeopardy Productions, Inc. Join the discussion at JBoard.tv.